[Event "Titled Tuesday intern op 19th Sep Early"]
[Site "Chess.com INT"]
[Date "2023.09.19"]
[Round "5"]
[White "Mago Perez, Victor Manuel"]
[Black "Quintiliano Pinto, Renato Rodrigues"]
[Result "0-1"]
[WhiteElo "2148"]
[BlackElo "2500"]
[PlyCount "120"]
[EventDate "2023.09.19"]
[EventType "swiss (blitz)"]
[EventRounds "11"]
[EventCountry "USA"]
[SourceTitle "EXT 2024"]
[Source "ChessBase"]
[SourceDate "2023.10.10"]
[SourceVersion "1"]
[SourceVersionDate "2023.10.10"]
[SourceQuality "1"]

1. d4 Nf6 2. c4 e6 3. Nc3 d5 4. cxd5 exd5 5. Bg5 c6 6. Qc2 Be7 7. e3 Nbd7 8. Bd3 Nh5 9. Bxe7 Qxe7 10. Nge2 g6 11. 0-0 0-0 12. Rae1 Ndf6 13. Ng3 Nxg3 14. hxg3 Re8 15. f3 Be6 16. g4 c5 17. dxc5 Qxc5 18. Nb5 Qxc2 19. Bxc2 Rec8 20. Nd4 Nd7 21. Bb3 Nc5 22. Bc2 Bd7 23. Rc1 Ba4 24. b4 Bxc2 25. Rxc2 Nd3 26. Rd2 Ne5 27. Nb5 Nc4 28. Rd3 a6 29. Nc3 Nb2 30. Rd2 Rxc3 31. Rxb2 Rxe3 32. Rd1 Rd8 33. Rbd2 Ra3 34. Rxd5 Rxd5 35. Rxd5 Rxa2 36. Rd7 b5 37. Ra7 g5 38. Kh2 h6 39. Kg3 Kg7 40. Rb7 Ra4 41. Rb6 Rxb4 42. Rxa6 Rb2 43. Rb6 b4 44. Kh3 Rb1 45. g3 b3 46. f4 f6 47. Kg2 Kf8 48. Rb7 Ke8 49. fxg5 hxg5 50. Kf2 Kd8 51. Kg2 Kc8 52. Rb4 Kc7 53. Rb5 Kc6 54. Rb8 Kd5 55. Kf3 Kd4 56. Rd8+ Kc3 57. Rc8+ Kb2 58. Rb8 Rf1+ 59. Ke4 Ka2 60. Ra8+ Kb1 0-1

[Event "Titled Tuesday intern op 15th Sept"]
[Site "Chess.com INT"]
[Date "2020.09.15"]
[Round "7"]
[White "Mago Perez, Victor Manuel"]
[Black "Okike, David"]
[Result "0-1"]
[WhiteElo "2148"]
[BlackElo "2177"]
[PlyCount "96"]
[EventDate "2020.09.15"]
[EventType "swiss (blitz)"]
[EventRounds "10"]
[EventCountry "USA"]
[SourceTitle "CBM 198 Extra"]
[Source "ChessBase"]
[SourceDate "2020.11.30"]
[SourceVersion "1"]
[SourceVersionDate "2020.11.30"]
[SourceQuality "1"]

1. d4 Nf6 2. c4 e6 3. Nc3 Bb4 4. Qc2 d5 5. cxd5 exd5 6. Nf3 0-0 7. Bg5 h6 8. Bh4 c5 9. e3 g5 10. Bg3 Ne4 11. Bd3 Bf5 12. dxc5 Bxc3+ 13. bxc3 Nd7 14. Bd6 Re8 15. 0-0 Rc8 16. Nd4 Bg6 17. f3 Nxd6 18. Bxg6 Nc4 19. Bxf7+ Kxf7 20. Qh7+ Kf8 21. Qxh6+ Kg8 22. Qg6+ Kh8 23. f4 Nxe3 24. Rf3 g4 25. Rxe3 Rxe3 26. Nf5 Qf6 27. Qxf6+ Nxf6 28. Nxe3 Rxc5 29. Kf2 Rxc3 30. Rd1 Ra3 31. Nxd5 Rxa2+ 32. Kg3 Nxd5 33. Rxd5 a5 34. Rb5 a4 35. Rxb7 a3 36. Ra7 Kg8 37. f5 Kf8 38. f6 Kg8 39. h4 gxh3 40. gxh3 Ra1 41. h4 Rg1+ 42. Kf4 Ra1 43. h5 a2 44. Ra8+ Kf7 45. Ra7+ Kxf6 46. Ra6+ Kg7 47. Ra7+ Kh6 48. Ra6+ Kxh5 0-1

[Event "Titled Tuesday intern op 15th Sept"]
[Site "Chess.com INT"]
[Date "2020.09.15"]
[Round "6"]
[White "Priyanka, K."]
[Black "Mago Perez, Victor Manuel"]
[Result "1-0"]
[WhiteElo "2218"]
[BlackElo "2148"]
[PlyCount "63"]
[EventDate "2020.09.15"]
[EventType "swiss (blitz)"]
[EventRounds "10"]
[EventCountry "USA"]
[SourceTitle "CBM 198 Extra"]
[Source "ChessBase"]
[SourceDate "2020.11.30"]
[SourceVersion "1"]
[SourceVersionDate "2020.11.30"]
[SourceQuality "1"]

1. e4 c5 2. Nf3 d6 3. d4 cxd4 4. Nxd4 Nf6 5. Nc3 a6 6. g3 g6 7. Bg2 Bg7 8. 0-0 0-0 9. a4 Nc6 10. Nxc6 bxc6 11. e5 Nd5 12. Nxd5 cxd5 13. exd6 Qxd6 14. Bxd5 Bh3 15. Bxa8 Bxf1 16. Qxd6 exd6 17. Bd5 Be2 18. c3 Rb8 19. Ra3 Be5 20. Rb3 Re8 21. Rb7 Rf8 22. Bh6 Bg7 23. Bxg7 Kxg7 24. f4 Kf6 25. Kf2 Bd3 26. Ke3 Bf1 27. Kd4 h5 28. Rd7 Be2 29. Rxd6+ Ke7 30. Rb6 f6 31. Re6+ Kd7 32. Rxe2 1-0

[Event "Titled Tuesday intern op 4th Febr"]
[Site "Chess.com INT"]
[Date "2020.02.04"]
[Round "8"]
[White "Cruz Lledo, Pablo"]
[Black "Mago Perez, Victor Manuel"]
[Result "0-1"]
[WhiteElo "2449"]
[BlackElo "2148"]
[PlyCount "68"]
[EventDate "2020.02.04"]
[EventType "swiss (blitz)"]
[EventRounds "10"]
[EventCountry "USA"]
[SourceTitle "EXT 2021"]
[Source "ChessBase"]
[SourceDate "2020.10.23"]
[SourceVersion "1"]
[SourceVersionDate "2020.10.23"]
[SourceQuality "1"]

1. d4 Nf6 2. c4 c5 3. d5 e6 4. Nc3 exd5 5. cxd5 d6 6. e4 g6 7. Nge2 Bg7 8. Ng3 h5 9. Be2 a6 10. a4 Nbd7 11. 0-0 Qe7 12. f3 0-0 13. Be3 Ne5 14. Qd2 Re8 15. Nh1 Nh7 16. Nf2 f5 17. Rae1 Bd7 18. exf5 gxf5 19. Nh3 Qf7 20. Kh1 Rab8 21. f4 Ng4 22. Bg1 b5 23. axb5 axb5 24. Bxg4 hxg4 25. Rxe8+ Rxe8 26. Ng5 Nxg5 27. fxg5 Qg6 28. Be3 Be5 29. Bf4 b4 30. Nd1 Bb5 31. Rf2 Bxf4 32. Rxf4 Qxg5 33. h3 Re2 34. Rxg4 Qxg4 0-1

[Event "Titled Tuesday intern op1 4th Febr"]
[Site "Chess.com INT"]
[Date "2020.02.04"]
[Round "9"]
[White "Leiva Rodriguez, Jeammarco Giuseppe"]
[Black "Mago Perez, Victor Manuel"]
[Result "0-1"]
[WhiteElo "2391"]
[BlackElo "2148"]
[PlyCount "72"]
[EventDate "2020.02.04"]
[EventType "swiss (blitz)"]
[EventRounds "10"]
[EventCountry "USA"]
[SourceTitle "EXT 2021"]
[Source "ChessBase"]
[SourceDate "2020.10.23"]
[SourceVersion "1"]
[SourceVersionDate "2020.10.23"]
[SourceQuality "1"]

1. e4 c5 2. a3 d6 3. b4 cxb4 4. axb4 Nf6 5. d3 g6 6. Bb2 Bg7 7. Nd2 0-0 8. Ngf3 Nbd7 9. Be2 a6 10. b5 Rb8 11. bxa6 bxa6 12. Bc3 Qc7 13. Ra3 Qc5 14. Qa1 Ng4 15. d4 Qc6 16. 0-0 e5 17. d5 Qc7 18. Ne1 Ngf6 19. Ba5 Qa7 20. Kh1 Nc5 21. f3 Nh5 22. Nc4 Qe7 23. g3 Bh3 24. Rf2 Bh6 25. Bd2 Bxd2 26. Nxd2 f5 27. Nd3 fxe4 28. Nxc5 exf3 29. Raxf3 Rxf3 30. Bxf3 dxc5 31. Bxh5 gxh5 32. d6 Qxd6 33. Ne4 Qd5 34. Qe1 Qxe4+ 35. Qxe4 Rb1+ 36. Rf1 Rxf1# 0-1

[Event "Titled Tuesday intern op 5th Nov"]
[Site "Chess.com INT"]
[Date "2019.11.05"]
[Round "3"]
[White "Mago Perez, Victor Manuel"]
[Black "Repka, Christopher"]
[Result "0-1"]
[WhiteElo "2148"]
[BlackElo "2485"]
[PlyCount "34"]
[EventDate "2019.11.05"]
[EventType "swiss (blitz)"]
[EventRounds "10"]
[EventCountry "USA"]
[SourceTitle "EXT 2021"]
[Source "ChessBase"]
[SourceDate "2020.10.23"]
[SourceVersion "1"]
[SourceVersionDate "2020.10.23"]
[SourceQuality "1"]

1. d4 Nf6 2. c4 e6 3. Nc3 Bb4 4. Qc2 c5 5. dxc5 Nc6 6. Nf3 Bxc5 7. e3 0-0 8. a3 d5 9. b4 Bd6 10. Bb2 Qe7 11. Rd1 a5 12. b5 Ne5 13. Nxe5 Bxe5 14. cxd5 exd5 15. Nxd5 Nxd5 16. Rxd5 Bf5 17. Bd3 Rac8 0-1

[Event "Titled Tuesday intern op 5th Nov"]
[Site "Chess.com INT"]
[Date "2019.11.05"]
[Round "8"]
[White "Sailer, Mike L"]
[Black "Mago Perez, Victor Manuel"]
[Result "0-1"]
[WhiteElo "2141"]
[BlackElo "2148"]
[PlyCount "86"]
[EventDate "2019.11.05"]
[EventType "swiss (blitz)"]
[EventRounds "10"]
[EventCountry "USA"]
[SourceTitle "EXT 2021"]
[Source "ChessBase"]
[SourceDate "2020.10.23"]
[SourceVersion "1"]
[SourceVersionDate "2020.10.23"]
[SourceQuality "1"]

1. b4 e5 2. Bb2 Bxb4 3. Bxe5 Nf6 4. Nf3 Nc6 5. Bb2 0-0 6. e3 Re8 7. Be2 d5 8. 0-0 Bg4 9. h3 Bh5 10. c4 dxc4 11. Bxc4 Qe7 12. d4 Rad8 13. Be2 Ne4 14. Qb3 Na5 15. Qa4 b6 16. a3 Bd6 17. Nc3 Bxf3 18. Bxf3 Nd2 19. Rfd1 Nxf3+ 20. gxf3 Qh4 21. Kf1 Qxh3+ 22. Ke2 Qd7 23. Qc2 Nc4 24. Rh1 Nxb2 25. Qxh7+ Kf8 26. Rag1 Qe6 27. Rxg7 Qc4+ 28. Kd2 Bxa3 29. Rh5 Rxd4+ 30. Ke1 Qxc3+ 31. Kf1 Qd3+ 32. Qxd3 Rxd3 33. Rg4 Re6 34. Rh8+ Ke7 35. Rc8 Rc3 36. Rgg8 a5 37. f4 Rd6 38. e4 Rd2 39. e5 Ke6 40. Rce8+ Kf5 41. Rg5+ Kxf4 42. Rg3 Rxg3 43. fxg3+ Kxg3 0-1

[Event "Cumana Marquez Memorial 1st"]
[Site "Cumana"]
[Date "2014.07.04"]
[Round "2"]
[White "Ramos Castro, Luis Alejandro"]
[Black "Mago Perez, Victor Manuel"]
[Result "0-1"]
[WhiteElo "1494"]
[BlackElo "2188"]
[PlyCount "46"]
[EventDate "2014.07.03"]
[EventType "swiss"]
[EventRounds "6"]
[EventCountry "VEN"]
[SourceTitle "CBM 161 Extra"]
[Source "ChessBase"]
[SourceDate "2014.08.29"]
[SourceVersion "1"]
[SourceVersionDate "2014.08.29"]
[SourceQuality "1"]

1. e4 c5 2. c3 d5 3. exd5 Qxd5 4. d4 Nf6 5. Nf3 e6 6. Be3 cxd4 7. cxd4 Nc6 8. Nc3 Qd6 9. Rc1 Be7 10. a3 0-0 11. Bd3 Rd8 12. Bb1 e5 13. dxe5 Nxe5 14. Nxe5 Qxe5 15. Qc2 g6 16. 0-0 Ng4 17. g3 Nxe3 18. fxe3 Qxe3+ 19. Kh1 Be6 20. Rce1 Qd2 21. Re2 Qxc2 22. Bxc2 Bc4 23. Rxe7 Bxf1 0-1

[Event "Cumana Feria de Santa Ines 1st"]
[Site "Cumana"]
[Date "2014.01.12"]
[Round "6"]
[White "Mago Perez, Victor Manuel"]
[Black "Palencia Morales, Wilson Guillermo"]
[Result "1/2-1/2"]
[WhiteElo "2145"]
[BlackElo "2322"]
[PlyCount "34"]
[EventDate "2014.01.09"]
[EventType "swiss"]
[EventRounds "7"]
[EventCountry "VEN"]
[SourceTitle "EXT 2015"]
[Source "ChessBase"]
[SourceDate "2014.11.20"]
[SourceVersion "1"]
[SourceVersionDate "2014.11.20"]
[SourceQuality "1"]

1. d4 d5 2. c4 e6 3. Nc3 f5 4. Nf3 c6 5. Bg5 Nf6 6. e3 Bd6 7. Ne5 0-0 8. f4 b6 9. cxd5 exd5 10. Rc1 Qe8 11. Be2 Bb7 12. 0-0 a6 13. Rf3 Ne4 14. Nxe4 fxe4 15. Rg3 Ra7 16. Bh5 Qe6 17. Bg4 Qe8 1/2-1/2